| 000 | 01047cam a2200241 4500 | ||
|---|---|---|---|
| 001 | WB3814-15 | ||
| 008 | 020418n2002 000 0 eng u | ||
| 035 | _a(Sirsi) u117566 | ||
| 245 | _aHousing Market Survey - March 2002 | ||
| 260 | _c2002 | ||
| 490 |
_aRICS Residential Faculty News _v18 April 2002, (1) |
||
| 520 | _aLatest RICS Housing Market Survey for the three months to March saw house prices rising at their stongest pace since January 2000 with Yorkshire and Humberside leading the way. Pace of price rises has slowed slightly in London the south-east and East Anglia as a result of concern over interest rate rises. For the housing market survey: http://www.rics.org/downloads/Housing_Mar02.pdf | ||
| 590 | _aWB | ||
| 650 | _aRICS HOUSING MARKET SURVEY ENGLAND AND WALES | ||
| 650 | _aHOUSE PRICES | ||
| 650 | _aLONDON | ||
| 650 | _aSOUTH EAST | ||
| 650 | _aEAST ANGLIA | ||
| 650 | _aABOUT RICS-RICS MEMBERS | ||
| 650 | _aINFLATION | ||
| 690 | _aPROPERTY-RESIDENTIAL PROPERTY-RESIDENTIAL PROPERTY MARKET | ||
| 942 | _n0 | ||
| 999 |
_c70009 _d70009 |
||